Normal view
MARC view
Entry Topical Term
001 - CONTROL NUMBER
- control field: 1945
003 - CONTROL NUMBER IDENTIFIER
- control field: OSt
005 - DATE AND TIME OF LATEST TRANSACTION
- control field: 20141107164054.0
008 - FIXED-LENGTH DATA ELEMENTS
- fixed length control field: 141107|| aca||aabn | a|a d
040 ## - CATALOGING SOURCE
- Original cataloging agency: OSt
- Transcribing agency: OSt
150 ## - HEADING--TOPICAL TERM
- Topical term or geographic name entry element: Intestines
- General subdivision: Cancer
- Form subdivision: Popular works.
670 ## - SOURCE DATA FOUND
- Source citation: Work cat.: (OSt)730: Northover, John. 1944, Your guide to bowel cancer /, 2007.
